Cho tôi xin một vé đi tuổi thơ : Truyện

Guardat en:
Dades bibliogràfiques
Autor principal: Nguyễn, Nhật Ánh
Format: Llibre
Idioma:Undetermined
Publicat: Thành phố Hồ Chí Minh Trẻ 2016
Matèries:
Etiquetes: Afegir etiqueta
Sense etiquetes, Sigues el primer a etiquetar aquest registre!
Thư viện lưu trữ: Trung tâm Học liệu Trường Đại học Cần Thơ
LEADER 00726nam a2200217Ia 4500
001 CTU_206983
008 210402s9999 xx 000 0 und d
020 |c 63000 
082 |a 895.922334 
082 |b A107 
100 |a Nguyễn, Nhật Ánh 
245 0 |a Cho tôi xin một vé đi tuổi thơ : 
245 0 |b Truyện 
245 0 |c Nguyễn Nhật Ánh 
260 |a Thành phố Hồ Chí Minh 
260 |b Trẻ 
260 |c 2016 
650 |a Tiểu thuyết Việt Nam,Short stories,Vietnamese fiction,Truyện ngắn 
650 |y Thế kỷ 20,20th century,20th century,Thế kỷ 20 
904 |i Tuyến 
980 |a Trung tâm Học liệu Trường Đại học Cần Thơ